000 00641nam a2200193Ia 4500
008 220216s9999 xx 000 0 und d
100 _aCornish Katrina
245 0 _aBiochemistry of natural rubber, a vital raw material, emphasizing biosynthetic rate, molecular weight and compartmentalization, in evolutionary divergent plant species
260 _bNPR Natural Product Reports
_c2001
300 _a182-189
650 _aBiochemistry
650 _aBiosynthetic rate
650 _aCompartmentalization
650 _aHevea brasiliensis
650 _aMolecular weight
650 _aNatural rubber
856 _uReprint)
942 _cJS
999 _c54748
_d54748